LEADER 00872nam a2200265 i 4500 001 991003581739707536 005 20021218132317.0 008 020418s1999 it a b 001 0 ita d 020 $a8870511847 035 $ab11834407-39ule_inst 040 $aDi.S.Te.B.A.$beng 082 0 $a571.6$222 245 03$aLa cellula /$ca cura di Pasquale Rosati, Roberto Colombo 250 $a2nd ed. 260 3 $aMilano :$bEdi.Ermes,$c1999 300 $axix, 427 p. :$bill. ;$c26 cm 650 4$aCell$xBiology 700 1 $aRosati, Pasquale 700 1 $aColombo, Roberto 907 $a.b11834407$b27-09-11$c18-12-02 912 $a991003581739707536 945 $aLE003 571.6 ROS01.01 (1999)$g1$i2003000026849$lle003$o-$pE0.00$q-$rl$s- $t1$u46$v0$w46$x0$y.i12085443$z18-12-02 996 $aCellula$979198 997 $aUNISALENTO 998 $ale003$b01-01-02$cm$da $e-$fita$git $h3$i1 LEADER 01086nam0 22002651i 450 001 UON00206218 005 20231205103314.927 100 $a20030730d1977 |0itac50 ba 101 $aspa 102 $aVE 105 $a|||| ||||| 200 1 $a Obra completa$fJuan Rulfo$gprologo y cronologia Jorge Ruffinelli 210 $aCaracas$cBiblioteca Ayacucho$d1977 215 $aXXXVIII, 299 p. Il testo contiene: El llano en llamas$dPedro Páramo$dOtros textos. 410 1$1001UON00173496$12001 $a Biblioteca Ayacucho$1210 $aCaracas$cBiblioteca Ayacucho$v13 620 $aVE$dCaracas$3UONL001532 700 1$aRULFO$bJuan$3UONV123781$0164536 702 1$aRUFFINELLI$bJorge$3UONV119723 712 $aBiblioteca Ayacucho$3UONV266774$4650 801 $aIT$bSOL$c20240220$gRICA 899 $aSIBA - SISTEMA BIBLIOTECARIO DI ATENEO$2UONSI 912 $aUON00206218 950 $aSIBA - SISTEMA BIBLIOTECARIO DI ATENEO$dSI Bras 15 B.A 013 $eSI DA 29046 7 013 996 $aObra completa$9539786 997 $aUNIOR